MDQL
is popping MORE tags! Check the
thread
!
Quizzes
Events
Quiz Creation
Community
Videos
Private Events
Remove Ads
Sign In
Join for FREE
Feedback
Dark Mode
Quiz Categories
Sports
Geography
Music
Movies
Television
Just For Fun
Miscellaneous
History
Literature
Language
Science
Gaming
Entertainment
Religion
Holiday
For Kids
Quiz Lab
Recent
Popular Today
Quiz Kudos Today
Editor Picks
Curator Picks
Quizzes by...
Day
Popularity
Type
Ratings
Length
Year
Community
Subscriptions
Recent Discussions
Orange Saloon
Badges
Playlists
Quests
Create
Leaderboards
Showdown
Live 5
Trivia Bingo
Activity
Puzzle Library
Sporcle Events
Private Events
Virtual Trivia
Globe League
Become a Host
Pub Owners
SporcleCon
Opinionation
Our Games
Videos
Blog
Mobile Apps
Partnerships
Remove Ads and Go Orange
Feedback
Music
Pop Music
The Beatles
Song
Album
Lyrics
Bands
Singers
Artist
Clip
Rock
Rap
Classical
Billboard
Country Music
Kpop
Taylor Swift
Music
Pop Music
The Beatles
Song
Album
Lyrics
Bands
Singers
Artist
Clip
Rock
Rap
Classical
Billboard
Country Music
Kpop
Taylor Swift
Random Quiz
Search Sporcle
×
Quiz Lab
Quiz Lab
Music
Country Music
Type in answers that appear in a list
Type in answers that appear in a list
Classic
Best Score? Go Orange.
Lyrics: 'Songs About Rain' - Gary Allan Stats
Can you name the lyrics to 'Songs About Rain' by Gary Allan?
By
LAMS_Lyrics
9m
265 Questions
222 Plays
222 Plays
222 Plays
Comments
Comments
Give Quiz Kudos
Give Quiz Kudos
-
- Ratings
hide this ad
More Info
Replay
Link that replays current quiz
Next Quiz
Link to next quiz in quiz playlist
You Got
0%
They Got
Avg Score
86%
Avg Friend Score
Upgrade to see
Score Distribution
Jump to the score distribution portion of the page
Score
0/265
Timer
09:00
0
Plays Today
% Correct
(Repeated Background Chorus)
99.1%
a
98.6%
I
98.2%
the
98.2%
I
98.2%
the
98.2%
the
98.2%
the
98.2%
I
98.2%
I
98.2%
I
98.2%
I
98.2%
I
98.2%
the
98.2%
the
98.2%
I
98.2%
I
98.2%
rain.
97.7%
Rain')
97.7%
Rain,'
97.7%
Rain.'
97.7%
rain.
97.7%
Rain,'
97.7%
Rain.'
97.7%
rain.
97.7%
rain.
97.7%
rain.
97.7%
and
97.3%
and
97.3%
And
97.3%
and
97.3%
And
97.3%
and
97.3%
and
97.3%
and
97.3%
and
97.3%
and
97.3%
So
96.4%
in
96.4%
about
96.4%
songs
96.4%
about
96.4%
in
96.4%
songs
96.4%
about
96.4%
in
96.4%
songs,
96.4%
in
96.4%
in
96.4%
songs
96.4%
about
96.4%
in
96.4%
songs,
96.4%
in
96.4%
in
96.4%
songs
96.4%
about
96.4%
songs
96.4%
about
96.4%
Songs
96.4%
about
96.4%
it
95.5%
you.
95%
you
95%
you
95%
you,
95%
you
95%
no
94.6%
Oh,
94.6%
no
94.6%
Oh,
94.6%
('Rainy
94.1%
all
94.1%
all
94.1%
that
94.1%
all
94.1%
'Rainy
94.1%
That
94.1%
Rainy
94.1%
go
94.1%
all
94.1%
go,
94.1%
all
94.1%
that
94.1%
that
94.1%
'Rainy
94.1%
That
94.1%
Rainy
94.1%
go
94.1%
% Correct
all
94.1%
All
94.1%
these
93.7%
these
93.7%
these
93.7%
these
93.7%
these
93.7%
these
93.7%
to
93.2%
on
93.2%
to
93.2%
on
93.2%
on,
93.2%
to
93.2%
on
93.2%
on
93.2%
on,
93.2%
Georgia,'
92.3%
Georgia'
92.3%
Georgia'
92.3%
there's
91.9%
'Kentucky
91.9%
there's
91.9%
'Kentucky
91.9%
there's
91.9%
'Kentucky
91.9%
there's
91.9%
it
91%
it
91%
I'm
90.5%
I'm
90.5%
play
90.5%
I'm
90.5%
I'm
90.5%
Night
90.1%
Night
90.1%
Day
90.1%
Night
90.1%
Day
90.1%
not
89.2%
not.
89.2%
early,
88.7%
do.
88.7%
love
88.7%
Early
88.7%
Early
88.7%
this
88.3%
this
88.3%
Again,'
88.3%
this
88.3%
Again,'
88.3%
Well,
87.8%
But
87.8%
But
87.8%
'Here
87.8%
Feeling
87.8%
Well,
87.8%
but
87.8%
'Here
87.8%
Feeling
87.8%
radio
86.5%
way
86%
me
86%
way.
86%
'Blue
86%
'Blue
86%
nothing
85.6%
thinking
85.6%
playing
85.6%
Eyes
85.6%
playing
85.6%
Eyes
85.6%
goes
85.1%
Crying
85.1%
Crying
85.1%
too
84.7%
Morning
84.7%
Morning
84.7%
was
84.2%
Comes
84.2%
They
84.2%
was
84.2%
Comes
84.2%
They
84.2%
down
83.8%
be
83.8%
know
83.3%
just
83.3%
of
83.3%
% Correct
know
83.3%
keep
83.3%
town
82.9%
right.
82.9%
got
82.4%
same.
82.4%
got.
82.4%
same.
82.4%
has
82%
driving
82%
two
82%
two
82%
around
81.5%
them
81.5%
closed
81.1%
new
81.1%
keeps
81.1%
for
81.1%
tonight.
81.1%
tonight
81.1%
like
81.1%
like
81.1%
like
81.1%
babies
80.6%
heard
80.2%
last
79.7%
some
79.7%
my
79.7%
my
79.7%
name.
79.3%
kind
78.8%
wants
78.4%
thought
78.4%
could
78.4%
could
78.4%
over
77.9%
circles,
77.5%
reason,
77.5%
nobody
77.5%
hit
77%
guess
77%
Guess
77%
is
76.6%
Sure
76.1%
didn't
76.1%
gonna
76.1%
sure
76.1%
sure
76.1%
Sure
76.1%
gonna
76.1%
unknown
75.7%
would
75.7%
car.
75.2%
maybe
75.2%
it's
74.8%
are.
74.8%
Now,
73.9%
Today
73%
easy
73%
blame
73%
blame
73%
ain't
71.2%
ain't
71.2%
when
70.7%
wish
70.7%
how
70.3%
I'll
69.8%
what
69.8%
that's
69.4%
never
68.9%
let
68.5%
have
68.5%
wherever
68%
lonely
68%
been.
67.6%
pain
67.1%
hope
66.2%
looks
65.8%
mood
65.8%
sunny
65.3%
helping
64%
picture
63.1%
easing
63.1%
they're
61.7%
'Cause
60.8%
if
60.8%
Hey,
58.6%
Quiz Playlist
Details
Report
Send in Message
Add To Playlist
More Info:
Song written by Pat McLaughlin & Liz Rose
Classic:
Type in answers that appear in a list
Quiz Source
Last Updated: Feb 16, 2017
Quiz Scoreboard
CHALLENGE
Sign Up to Join the Scoreboard
Show All
Scores
Hide
Comments
May contain spoilers
Recently Published
Image Sorting: Flags VI
by Barbecue
Geography
2m
Find the 'City' Movie
by crazypaving
Movies
60s
Colored Red Africa Blitz
by spor1
Geography
45s
More to Explore
Quiz From the Vault
Featured Blog Post
14 Easter Pick-up Lines to Find Eggs With
hide this ad
You Might Also Like...
Tags
Country Music Quiz
Lyrics Quiz
Song Quiz
2003
rain
Today's Top Quizzes in Music
Browse Music
hide this ad
Today's Top Quizzes in Country Music
Browse Country Music
Top Contributed Quizzes in Music
1
5X2 Blitz: Bands II
2
5X2 Blitz: The Beatles
3
Taylor Swift All Songs (2024)
4
5X2 Blitz: Billboard
5
5X2 Blitz: Billboard II
6
5X2 Blitz: Album
7
5X2 Blitz: Rock
8
5X2 Blitz: Singers
9
Taylor Swift Logic Puzzle II
10
5X2 Blitz: Lyrics
Explore More
Trending Topics
Marvel
NBA
Anime
Crossword
Harry Potter
Kpop
Disney
Soccer
Song
Pokémon
NFL
WWE
Puzzle
The Office
Country
hide this ad
More By:
LAMS_Lyrics
Quiz
Plays
Rating
Category
Featured
Created
Lyrics: 'Young' - Kenny Chesney
701
4.75
Music
Jun 5, 2014
Sara Bareilles 'Love Song' Lyrics
14,295
4.37
Music
Jun 10, 2015
Lyrics: 'Cecilia' - Simon & Garfunkel
6,018
4.68
Music
Feb 25, 2014
Lyrics: 'Grand Theft Autumn/Where Is...' - Fall Out Boy
5,143
4.71
Music
Oct 9, 2013
Lyrics: 'Faith' - George Michael
4,980
4.72
Music
Mar 4, 2014
Lyrics: 'Amarillo by Morning' - George Strait
2,889
4.73
Music
Nov 12, 2014
Go to Creator's Profile
Score Distribution
Quiz Creator Spotlight
LAMS_Lyrics
Follow
Send a Message
Quizzes Created
-
Created Quiz Play Count
-
More By This Creator
Popular Quizzes Today
1
Colored Red Africa Blitz
2
Find the US States - No Outlines Minefield
3
Find the 'City' Movie
4
5x2 Blitz: Bands
5
The Countries of the World
6
Find the US States
7
Find the Countries of Europe - No Outlines Minefield
8
US States
More Music Quizzes
The 3rd thing you need to know: Duets
Curator's Pick
Trending Quizzes
Colored Red Europe Blitz I
Colored Red Europe Blitz II
Colored Red Africa Blitz II
Colored Red Europe Blitz III
Colored Red Africa Blitz III
Recently Updated
How Do You Spell That?
pecheneg
Godzilla Movies
pecheneg
Grab Bag: 4-10 Letters
pecheneg
2024 March Madness Bracket
pecheneg
Famous TV Couples
Peacemaker
Champions League XIs: Real Madrid
pecheneg
Largest US Cities 1790-2010
pecheneg
Rides in Walt Disney World
pecheneg
Most Oscar Losses (Acting)
pecheneg
Beyoncé Albums
pecheneg
Trending Topics
Harry Potter
NBA
Marvel
Crossword
Disney
Kpop
Anime
Puzzle
NFL
Soccer
The Office
Country
Pokémon
WWE
Song
Your Account Isn't Verified!
In order to create a playlist on Sporcle, you need to verify the email address you used during registration. Go to your
Sporcle Settings
to finish the process.
Report this User
Report this user for behavior that violates our
Community Guidelines
.
Details:
Send Report
Go to the Sporcle.com Mobile Site →
Comments